| 000 | 00498nam a2200181Ia 4500 | ||
|---|---|---|---|
| 001 | 4996 | ||
| 005 | 20260306145835.0 | ||
| 008 | 260306t2013||||xx |||||||||||||| ||spa|| | ||
| 041 | _aESP | ||
| 082 |
_a332.6 _bF41 |
||
| 100 |
_aFernández Rodríguez, José María _eAUT |
||
| 245 | 0 | _aManual de instrumentos de renta fija, estructurados de tipos de interés y crédito | |
| 260 | _c2013 | ||
| 300 |
_axiv, 353 páginas : _c24 cm. |
||
| 650 | _aGEN | ||
| 654 | _aCAN | ||
| 942 |
_cLIB _dJUS _fJUS _2ddc _n |
||
| 999 |
_c4996 _d4996 |
||